01175nab a2200229 i 4500001000400000003000400004005001700008008003900025040000800064080000600072100012800078245005600206260001000262500002100272520047500293650003400768650002200802773005900824942001300883999001500896952003400911BPPBPK20160126130426.0160126s1981 pl | | |000 ||pol cBPK a1 aSADY, Wojciech.d1980 - 1982.bWyższa Szkoła Inżynierska w Koszalinie - Instytut Nauk Społecznych,cZakład Filozofii aO mechanizmie rewolucji naukowych /cWojciech Sady. c1981. aDane z autopsji. aArtykuł poświęcony jest analizie mechanizmów, które prowadzą do powstawania w historycznym rozwoju nauki rewolucyjnych przełomów, zmieniających radykalnie naukowy obraz świata. Zachodzenie problemów wyjaśnia się poprzez analizę mechanizmów ewolucji języka nauki. Tym samym procesy powstawania nowych programów badawczych opisywane są bez odwoływania się do wpływów czynników zewnętrznych wobec działań swoiście naukowych. 0aRewolucja naukowo-techniczna. aJęzyki - nauka. iW :tStudia Filozoficzne. -g1981, nr 4 (185), s. 3-16 cART2UKD c7143d7143 00104070aBPKbBPKo02yART